Name the Band 1 - Statistics

General Stats
  • This quiz has been taken 13 times
  • The average score is 5 of 16
Answer Stats
Hint Answer % Correct
Albarn, Coxon, James, Rowntree Blur
73%
Yorke, O'Brien, Selway, J. Greenwood, C. Greenwood Radiohead
73%
Casablancas, Fraiture, Moretti, Valensi, Hammond Jr. the Strokes
55%
Hardy, Kapranos, Corrie, Bardot, Tait Franz Ferdinand
45%
McConnell, Doherty, Ficek, Whitnall, Walden, Clarke Babyshambles
36%
Cocker, Doyle, Banks, Mackey, Webber PULP
36%
Barât, Powell, Hammond, Rossomando Dirty Pretty Things
27%
Frischmann, Welch, Matthews, Holland, Bush, Chipperfield Elastica
27%
Hassall, Powell, Barât, Doherty Libertines
27%
Bradfield, Moore, Wire, Edwards Manic Street Preachers
27%
Anderson, Osman, Gilbert, Oakes, Codling Suede
18%
Brown, Squire, Mounfield, Wren The Stone Roses
18%
Saffron, Dorney, Male, Todd, Barbarossa Republica
9%
Goswell, Halstead, Savill, Chaplin, Scott Slowdive
9%
Hannon, Little, Skeet, Mills, Flood, I. Talbot, J. Talbot, Weller, Watson, Farrer the Divine Comedy
9%
Turner, Helders, Cook, O'Malley Artic Monkees
0%
No matching quizzes found
Score Distribution
Percent of People with Each Score
Percentile by Number Answered
Your Score History
You have not taken this quiz